000 01027nam a2200325Ia 4500
001 Z_4007
003 CHAP
008 220113s9999 xx 000 0 und d
010 _a167067
020 _a968-18-5231-1
040 _cCHAP
082 _a574.192 B564
245 _aBioquímica fundamental /
_cEric E. Conn... [et al.]; colaboración en la traducción Manuel Guzmán Ortiz, revisión Andrés Hernández Arana
250 _a5a ed.
260 _aMéxico :
_bLimusa,
_c
300 _a736 p.
500 _aTraducción de la obra en inglés: Outlines of biochemistry 5a ed.
503 _aej.1: C/E \ ej.2: C/E \ ej.3: reposición del ej.12 de la 3a ed. 9a. reimpresión 1972
650 _aBioquímica
_912849
650 _aMetabolismo
_975149
700 _aGuzmán Ortiz, Manuel
_etr.
_9141254
700 _a Hernández Arana, Andrés, rev.
_9141255
700 _aConn, Eric E., aut.
_9141256
901 _a574.192 B564
902 _aM
910 _a
942 _c1
942 _cc1
999 _c167067
_d167067